Pozycja Corporate Name
Liczba rekordów, w których użyto hasła: 1
001 - Numer kontrolny
- control field: 39736
003 - Identyfikator numeru kontrolnego
- control field: NUKAT
005 - Data i czas ostatniej modyfikacji
- control field: 20260409112725.0
008 - Dane kontrolne kodowane (40 znaków)
- fixed length control field: 050120n||azznnbabn |a ana |c
010 ## - Numer kontrolny Biblioteki Kongresu
- numer kontrolny LC: p 2004317694
024 7# - OTHER STANDARD IDENTIFIER
- Standard number or code: 134799647
- Source of number or code: viaf
035 ## - Numer systemowy
- numer systemowy: a1191113x
035 ## - Numer systemowy
- numer systemowy: (PL)a0000001191113
040 ## - Instytucja sporządzająca rekord
- inst. przygot. dane do rek. khw: WA N
- język haseł przedmiotowych/tezaurus: DBN
- inst. wprow. rek. khw: WA N
043 ## - Kod obszaru geograficznego
- ISO code: UA
- ISO code: PL
046 ## - Special dates
- Establishment date: 1929
- Termination date: 1940
110 2# - Hasło - nazwa ciała zbiorowego
- nazwa ciała zbior. lub geogr. na pocz.: Organizacja Ukraińskich Nacjonalistów (OUN)
368 ## - Other Attributes
- Corp type: Wydawnictwa (instytucje)
370 ## - Associated place
- Country: Ukraina
370 ## - Associated place
- Country: Polska
372 ## - Field of activity
- Field: Edytorstwo
377 ## - Assoc lang
- Lang code: ukr
410 2# - Trop zob. - nazwa ciała zbiorowego
- nazwa ciała zbior. lub geogr. na pocz.: Organizacìâ Ukraïns'kih Nacìonalìstìv
410 2# - Trop zob. - nazwa ciała zbiorowego
- nazwa ciała zbior. lub geogr. na pocz.: Organizacija Ukrains'kich Nacjonalistiv
410 2# - Trop zob. - nazwa ciała zbiorowego
- nazwa ciała zbior. lub geogr. na pocz.: OUN
510 2# - Trop zob. też - nazwa ciała zbiorowego
- nazwa ciała zbior. lub geogr. na pocz.: Samoobronni Kuszczowi Widdiły
510 2# - Trop zob. też - nazwa ciała zbiorowego
- nazwa ciała zbior. lub geogr. na pocz.: Ukraïns'ka golovna vizvol'na rada
510 2# - Trop zob. też - nazwa ciała zbiorowego
- nazwa ciała zbior. lub geogr. na pocz.: Ukraińska Milicja Ludowa
510 2# - Trop zob. też - nazwa ciała zbiorowego
- nazwa ciała zbior. lub geogr. na pocz.: Ukraińska Organizacja Wojskowa (UWO ; 1920-1929)
510 2# - Trop zob. też - nazwa ciała zbiorowego
- podpole kontrolne: h
- nazwa ciała zbior. lub geogr. na pocz.: Służba Bezpieczeństwa (Organizacja Ukraińskich Nacjonalistów)
550 ## - Trop zob. też - nazwa pospolita
- nazwa posp. lub nazwa geogr. na pocz.: Dni Petlury (1941)
550 ## - Trop zob. też - nazwa pospolita
- nazwa posp. lub nazwa geogr. na pocz.: Nacjonalizm
550 ## - Trop zob. też - nazwa pospolita
- nazwa posp. lub nazwa geogr. na pocz.: Pacyfikacja Małopolski Wschodniej (1930)
550 ## - Trop zob. też - nazwa pospolita
- nazwa posp. lub nazwa geogr. na pocz.: Zbrodnia galicyjska (1943-1945)
550 ## - Trop zob. też - nazwa pospolita
- nazwa posp. lub nazwa geogr. na pocz.: Zbrodnia wołyńska (1943-1944)
670 ## - Źródło informacji
- źródło informacji: Ukraińskie ofiary OUN-UPA / Wiktor Poliszczuk. - Warszawa, 1998.
670 ## - Źródło informacji
- źródło informacji: Pol'ŝa pered viborami / Z. Savčenko. - Kiïv ; L'vìv, 1946.
- gdzie znaleziono informację: Wydawca